The Cambridge handbook of commons research innovations (Record no. 114165)

MARC details
000 -LEADER
fixed length control field 00702 a2200205 4500
005 - DATE AND TIME OF LATEST TRANSACTION
control field 20250801120330.0
008 - FIXED-LENGTH DATA ELEMENTS--GENERAL INFORMATION
fixed length control field 250602b |||||||| |||| 00| 0 eng d
020 ## - INTERNATIONAL STANDARD BOOK NUMBER
International Standard Book Number 9781009295710
080 ## - UNIVERSAL DECIMAL CLASSIFICATION NUMBER
Universal Decimal Classification number 333.2
Item number FOS/C
100 ## - MAIN ENTRY--PERSONAL NAME
Personal name Foster, Sheila R.
245 ## - TITLE STATEMENT
Title The Cambridge handbook of commons research innovations
260 ## - PUBLICATION, DISTRIBUTION, ETC. (IMPRINT)
Name of publisher, distributor, etc Cambridge University Press
Place of publication, distribution, etc Cambridge
Date of publication, distribution, etc 2023
300 ## - PHYSICAL DESCRIPTION
Extent xiv,339p.
653 ## - INDEX TERM--UNCONTROLLED
Uncontrolled term Commons -- Congresses
653 ## - INDEX TERM--UNCONTROLLED
Uncontrolled term Common heritage of mankind (International law) -- Congresses
653 ## - INDEX TERM--UNCONTROLLED
Uncontrolled term Natural resources, Communal -- Congresses
653 ## - INDEX TERM--UNCONTROLLED
Uncontrolled term Hardin, Garrett, 1915-2003 The tragedy of the commons -- Congresses
700 ## - ADDED ENTRY--PERSONAL NAME
Personal name Chrystie F. Swiney
942 ## - ADDED ENTRY ELEMENTS (KOHA)
item type Books
Holdings
Lost status Source of classification or shelving scheme Not for loan Home library Current library Date acquired Cost, normal purchase price Total Checkouts Full call number Barcode Date last seen Cost, replacement price Price effective from Koha item type
  Universal Decimal Classification   University Library University Library 18/01/2025 2370.29   333.2 FOS/C 00096511 18/01/2025 2962.86 18/01/2025 Books
University Library, CUSAT